| Tag |
First Indicator |
Second Indicator |
Subfields |
| LEADER |
00000cam a2200000 a 4500 |
| 001 |
in00000092692 |
| 005 |
20150923132151.0 |
| 008 |
750305s1974 caua b 00110 eng d |
| 010 |
|
|
|a 73091798
|
| 020 |
|
|
|a 0822457504
|
| 035 |
|
|
|a (OCoLC)01201286
|
| 035 |
|
|
|9 AAK7513AM
|
| 040 |
|
|
|a WMC
|c WMC
|d OCL
|d TXA
|d UtOrBLW
|
| 049 |
|
|
|a TXAM
|c [1272809]
|
| 090 |
|
|
|a LB2846 U58
|b P9
|
| 100 |
1 |
|
|a Unruh, Adolph.
|
| 245 |
1 |
0 |
|a Public relations for schools /
|c Adolph Unruh, Robert A. Willier.
|
| 264 |
|
1 |
|a Belmont, Calif. :
|b Lear Siegler, Inc./Fearon Publishers,
|c [1974]
|
| 264 |
|
4 |
|c ©1974
|
| 300 |
|
|
|a v, 169 pages :
|b illustrations ;
|c 23 cm.
|
| 336 |
|
|
|a text
|b txt
|2 rdacontent
|
| 337 |
|
|
|a unmediated
|b n
|2 rdamedia
|
| 338 |
|
|
|a volume
|b nc
|2 rdacarrier
|
| 500 |
|
|
|a Includes index.
|
| 504 |
|
|
|a Bibliography: pages 163-166.
|
| 650 |
|
0 |
|a Schools
|x Public relations.
|
| 700 |
1 |
|
|a Willier, Robert A.
|
| 999 |
|
|
|a MARS
|
| 999 |
f |
f |
|s 90541d44-6071-33b8-b2a5-4321235c525d
|i 31d1c4e7-13da-37d1-a72e-da02a76eb3e4
|t 0
|
| 952 |
f |
f |
|p normal
|a Texas A&M University
|b College Station
|c Sterling C. Evans Library
|d Evans: Library Stacks
|t 0
|e LB2846 U58 P9
|h Library of Congress classification
|i unmediated -- volume
|m A14806006920
|
| 998 |
f |
f |
|a LB2846 U58 P9
|t 0
|l Evans: Library Stacks
|